Sports Quiz

Random Sports or MLB Quiz
Score 0/40 Timer 06:00
0 Plays Today
% Correct
Albert Pujols
81.7%
Ryan Howard
72%
Alex Rodriguez
71%
Adam Dunn
66.7%
Carlos Gonzalez
66.7%
Jose Bautista
65.6%
Prince Fielder
62.4%
Miguel Cabrera
59.1%
Orlando Cabrera
58.1%
Melky Cabrera
58.1%
Joey Votto
57%
David Ortiz
57%
Josh Hamilton
52.7%
Juan Pierre
50.5%
Mark Reynolds
46.2%
Paul Konerko
41.9%
Ichiro Suzuki
39.8%
Carlos Pena
36.6%
Troy Tulowitzki
35.5%
Dan Uggla
30.1%
% Correct
Jason Heyward
30.1%
Elvis Andrus
22.6%
Rajai Davis
22.6%
Rickie Weeks
18.3%
Austin Jackson
18.3%
Chone Figgins
17.2%
Placido Polanco
16.1%
Michael Bourn
15.1%
Alcides Escobar
12.9%
Yunel Escobar
12.9%
Luke Scott
10.8%
Ryan Theriot
9.7%
Denard Span
9.7%
Jason Bartlett
9.7%
Cesar Izturis
8.6%
Nyjer Morgan
7.5%
Starlin Castro
7.5%
Erick Aybar
6.5%
Cliff Pennington
6.5%
Mike Napoli
5.4%
Remove Ads.
Support Sporcle.
Get the best of Sporcle when you Go Orange. This ad-free experience offers more features, more stats, and more fun while also helping to support Sporcle. Thank you for becoming a member.

You're not logged in!

Compare scores with friends on all Sporcle quizzes.
OR
Log In

Sporcle TV

Today on Sporcle TV


Watch our educational content, quiz creation guides, and fun videos on Sporcle TV.

Show Comments

Extras

Top Quizzes Today


Score Distribution

Paid Content

Your Account Isn't Verified!

In order to create a playlist on Sporcle, you need to verify the email address you used during registration. Go to your Sporcle Settings to finish the process.

Report this User

Report this user for behavior that violates our Community Guidelines.

Details: